| 000 | 00880nam a2200205 a 4500 | ||
|---|---|---|---|
| 001 | 000027530 | ||
| 003 | OSt | ||
| 005 | 20210106104523.0 | ||
| 008 | 110401s1992 dr 000 0 spa d | ||
| 040 |
_aDO-SdBNP _bspa _cBNPHU |
||
| 110 | 2 |
_aSeminario sobre legislación agraria _n(2o : _d1991, agos. 5-8 : _cSanto Domingo) _954619 |
|
| 245 | 1 | 0 | _aCompendio de informaciones. |
| 260 |
_aSanto Domingo : _bInstituto Agrario Dominicano, Oficina de Planificación, _c1992. |
||
| 300 |
_a186 p. ; _c22 cm. |
||
| 590 | _aInventario, 2018/VM | ||
| 710 | 2 |
_aInstituto Agrario Dominicano, Oficina de Planificación _954620 |
|
| 710 | 2 |
_aPrograma de Adiestramiento y Estudios sobre Reforma Agraria y Desarrollo Rural del Istmo Centroamericano y República Dominicana (PRACA) _954621 |
|
| 710 | 2 |
_aInstituto Interamericano de Cooperación para la Agricultura (IICA) _954622 |
|
| 942 |
_2ddc _cLBS1 |
||
| 999 |
_c27022 _d27022 |
||